[Event "5th Nana Aleksandria Cup"]
[Site "Poti GEO"]
[Date "2010.07.18"]
[Round "8"]
[White "Javakhadze,Z"]
[Black "Azaladze,S"]
[Result "1/2-1/2"]
[WhiteElo "2354"]
[BlackElo "2443"]

1.c4 c6 2.Nf3 d5 3.d4 Nf6 4.Nc3 a6 5.cxd5 cxd5 6.Bf4 Nc6 7.e3 Bf5 8.Rc1 e6
9.Qb3 Bd6 10.Bxd6 Qxd6 11.Be2 O-O 12.O-O b5 13.Qd1 Rfc8 14.Ne1 Na5 15.Bd3 Ne4
16.Bxe4 dxe4 17.f3 exf3 18.Nxf3 Nc4 19.Qe2 Qb4 20.Rf2 Nd6 21.Rcf1 Qc4 22.Qd1 f6
23.Nd2 Qc6 24.a3 Bg6 25.Qg4 Nf5 26.Qh3 Ne7 27.Nb3 Rd8 28.Nc5 e5 29.Rd1 exd4
30.exd4 Rd6 31.b4 Rad8 32.Rfd2 Bf7 33.N3e4 Rd5 34.Nc3 R5d6 35.Qg3 Bg6 36.d5 Qb6
37.Qe3 Re8 38.Qf2 Red8 39.Qe3 Re8 40.Qf2 Red8  1/2-1/2

[Event "XII Open"]
[Site "Sant Marti ESP"]
[Date "2010.07.18"]
[Round "6"]
[White "Aderito,P"]
[Black "Avila Jimenez,J"]
[Result "1-0"]
[WhiteElo "2333"]
[BlackElo "2240"]

1.c4 c6 2.d4 d5 3.Nf3 Nf6 4.Nc3 dxc4 5.a4 Bf5 6.Ne5 Nbd7 7.Nxc4 Nb6 8.e3 e6
9.f3 h6 10.e4 Bh7 11.a5 Nxc4 12.Bxc4 Bb4 13.Qa4 Be7 14.Be3 O-O 15.O-O Nd7
16.Be2 e5 17.d5 cxd5 18.Nxd5 Bc5 19.Qb5 Bxe3+ 20.Nxe3 b6 21.Rfd1 Qg5 22.Nc4 Nc5
23.axb6 axb6 24.Rxa8 Rxa8 25.b4 Ne6 26.Qxe5 Ra2 27.Qxg5 hxg5 28.Rd2 Rxd2
29.Nxd2 Nd4 30.Bd3 Kf8 31.Nc4 b5 32.Na3 Nc6 33.Nc2 Na7 34.Nd4  1-0

[Event "2nd Artemis Cup"]
[Site "Leros GRE"]
[Date "2010.07.19"]
[Round "8"]
[White "Skalkotas,N"]
[Black "Kasparov,S"]
[Result "0-1"]
[WhiteElo "2217"]
[BlackElo "2492"]

1.c4 c6 2.Nf3 Nf6 3.b3 d5 4.Bb2 Bg4 5.e3 e6 6.h3 Bxf3 7.Qxf3 Nbd7 8.Nc3 Bd6
9.cxd5 exd5 10.d4 Qe7 11.Bd3 O-O 12.O-O-O Ba3 13.e4 dxe4 14.Bxe4 a5 15.Rhe1 Qb4
16.Bc2 Nb6 17.Qd3 g6 18.Nb1 Bxb2+ 19.Kxb2 Rfd8 20.a3 Qf8 21.Nc3 Rd7 22.g4 Nbd5
23.g5 Nxc3 24.Qxc3 Nd5 25.Qg3 Rad8 26.f4 Nc7 27.f5 Nb5 28.a4 Nxd4 29.f6 b5
30.Qc3 bxa4 31.Re7 Rd5 32.Be4 a3+ 33.Ka1 Nxb3+ 34.Qxb3 Rxd1+ 35.Ka2 R8d2+
36.Bc2 Rc1  0-1

[Event "4th Open"]
[Site "Vecindario ESP"]
[Date "2010.07.19"]
[Round "3"]
[White "Gonzalez Mohamed,Riduan"]
[Black "Gonzalez Perez,L"]
[Result "0-1"]
[WhiteElo "1713"]
[BlackElo "2133"]

1.c4 c6 2.b3 d5 3.Bb2 Nf6 4.d3 Bf5 5.Nf3 e6 6.Nbd2 Nbd7 7.g3 dxc4 8.bxc4 Bc5
9.Bg2 Qb6 10.d4 Qxb2 11.dxc5 Nxc5 12.O-O Rd8 13.Qc1 Qxc1 14.Rfxc1 Ke7 15.Nb3 Nxb3
16.axb3 a6 17.Nh4 Bg6 18.Nxg6+ hxg6 19.b4 Rd7 20.Rcb1 Rc8 21.b5 axb5 22.cxb5 c5
23.b6 Nd5 24.Kf1 f5 25.e4 Nc3 26.Re1 Nxe4 27.Bxe4 fxe4 28.Rxe4 Rc6 29.Rg4 Rxb6
30.Rxg6 Kf7 31.Rg5 Rd5 32.Rg4 Rbd6 33.Ra7 Rd7 34.Ra8 b5 35.Rh8 b4 36.Rh7 Kg8
37.Rgh4 Rb7 38.Rh8+ Kf7 39.Ra8 b3 40.Ra1 Rd2 41.Rc4 Rc2 42.Rf4+ Ke7 43.Rg4 b2
44.Rxg7+  0-1

[Event "25th Touraine Open"]
[Site "Avoine FRA"]
[Date "2010.07.20"]
[Round "4"]
[White "Stephan,V"]
[Black "Peiffer,E"]
[Result "1/2-1/2"]
[WhiteElo "2234"]
[BlackElo "2047"]

1.c4 c6 2.Nf3 d5 3.d4 Nf6 4.Nbd2 Bf5 5.e3 e6 6.Qb3 Qb6 7.c5 Qc7 8.Qc3 Be7
9.Be2 Nbd7 10.O-O Ne4 11.Nxe4 Bxe4 12.Nd2 Bg6 13.f4 Nf6 14.b4 a6 15.a4 Ne4
16.Nxe4 Bxe4 17.Bd2 O-O 18.Ra3 f5 19.Rfa1 Bf6 20.Be1 g5 21.Bg3 Qg7 22.Rd1 Kh8
23.Bf1 Rg8 24.fxg5 Qxg5 25.Qd2 Rg7 26.Qf2 Rag8 27.Rd2 h5 28.Qf4 Qg6 29.Bh4 Bxh4
30.Qxh4 Qh6 31.Qf4 Qf6 32.b5 axb5 33.axb5 Kh7 34.bxc6 bxc6 35.Ra6 Rg4 36.Ra7+ R8g7
37.Rxg7+ Qxg7 38.Qf2 h4 39.h3 Rg3 40.Qf4 Rxh3 41.Ra2 Qg3 42.Ra7+ Kg6 43.Qxg3+ Rxg3
44.Kf2 f4 45.exf4 Bd3 46.Rc7 Bxf1 47.Kxf1 Rd3 48.Rxc6 Kf5 49.Rc8 Kxf4 50.Re8 Rxd4
51.Rxe6 Rc4 52.c6 Kf5 53.Rh6 Ke5 54.Ke2 d4 55.Kd2 Kd5 56.Rh5+ Kxc6 57.Rxh4 Kd5
58.Rh8 Rc3 59.Rh3 Rc8 60.Kd3  1/2-1/2

[Event "Maria Albulet Mem"]
[Site "Braila ROU"]
[Date "2010.07.21"]
[Round "9"]
[White "Genova,Ly"]
[Black "Dragomirescu,An"]
[Result "1/2-1/2"]
[WhiteElo "2209"]
[BlackElo "2215"]

1.c4 c6 2.d4 d5 3.Nc3 Nf6 4.cxd5 cxd5 5.Bf4 Nc6 6.e3 a6 7.Nf3 Bg4 8.Be2 e6
9.O-O Bd6 10.Bxd6 Qxd6  1/2-1/2

[Event "Andorra Open"]
[Site "La Massana AND"]
[Date "2010.07.22"]
[Round "6"]
[White "Spraggett,K"]
[Black "Ipatov,A ESP"]
[Result "1/2-1/2"]
[WhiteElo "2575"]
[BlackElo "2507"]

1.c4 c6 2.d4 d5 3.Nc3 Nf6 4.e3 g6 5.Nf3 Bg7 6.h3 O-O 7.Bd3 a6 8.O-O dxc4
9.Bxc4 b5 10.Bb3 a5 11.a3 Na6 12.Re1 b4 13.axb4 Nxb4 14.Na2 c5 15.Nxb4 cxb4
16.e4 Nd7 17.e5 Nb6 18.Ng5 a4 19.Bc2 Bb7 20.h4 b3 21.Be4 Bxe4 22.Nxe4 Qd5
23.h5 Rfd8 24.hxg6 hxg6 25.Qg4 Nc4 26.Nc3 Qxd4 27.Re4 Nxe5 28.Rxd4 Nxg4 29.Rxg4 a3
30.Rb4 Bxc3 31.bxc3 b2 32.Bxb2 axb2 33.Rxa8 Rxa8 34.Rxb2 Ra1+ 35.Kh2 Rc1  1/2-1/2

[Event "Sparkassen Open A"]
[Site "Dortmund GER"]
[Date "2010.07.24"]
[Round "8"]
[White "Henrichs,T"]
[Black "Michalczak,T"]
[Result "1-0"]
[WhiteElo "2490"]
[BlackElo "2367"]

1.c4 c6 2.Nf3 d5 3.g3 Nf6 4.b3 Bf5 5.Bg2 e6 6.Bb2 Nbd7 7.O-O Be7 8.d3 h6
9.Nbd2 O-O 10.a3 a5 11.Ra2 Qb6 12.Qa1 Qa6 13.Rc1 Rfc8 14.Ne5 Nxe5 15.Bxe5 Ne8
16.Rac2 b5 17.Nf3 bxc4 18.bxc4 Bf6 19.Bxf6 Nxf6 20.Qe5 Rd8 21.Nd4 Bg6 22.cxd5 cxd5
23.Nc6 Re8 24.Qf4 Qb6 25.g4 Qb3 26.Rc3 Qb2 27.Bf3 Ra6 28.Ne5 Bh7 29.h4 Bg6
30.h5 Bh7 31.g5 hxg5 32.Qxg5 Ne4 33.Bxe4  1-0

[Event "21st Czech GM Open"]
[Site "Pardubice CZE"]
[Date "2010.07.24"]
[Round "2"]
[White "Semcesen,D"]
[Black "Seegert,K"]
[Result "1/2-1/2"]
[WhiteElo "2420"]
[BlackElo "2166"]

1.c4 c6 2.Nf3 d5 3.d4 Nf6 4.Nc3 e6 5.g3 dxc4 6.Bg2 Nbd7 7.O-O Nb6 8.e4 Be7
9.Qe2 O-O 10.Rd1 Bd7 11.Bf4 Re8 12.Ne5 c5 13.Nxd7 Nfxd7 14.d5 e5 15.Be3 Bg5
16.f4 Bh6 17.a4 Qf6 18.Rf1 a5 19.Kh1 Qe7 20.Nb5 Nxd5 21.exd5 exf4 22.Nc7 fxe3
23.Nxa8 Rxa8 24.Qxc4 Qd6 25.Qb5 Re8 26.Rae1 b6 27.b3 g6 28.Re2 Re7 29.Qc6 Qxc6
30.dxc6 Ne5 31.Rd1 Rc7 32.Rd6 Kf8 33.Rd8+ Kg7 34.Rd6 Kf8 35.Rd8+ Kg7 36.Rd6  1/2-1/2

[Event "3rd Open"]
[Site "Paleochora GRE"]
[Date "2010.07.26"]
[Round "6"]
[White "Fontaine,R"]
[Black "Vishnu,P"]
[Result "1-0"]
[WhiteElo "2537"]
[BlackElo "2341"]

1.c4 c6 2.e4 d5 3.exd5 cxd5 4.cxd5 Nf6 5.Nc3 Nxd5 6.Bc4 e6 7.Nf3 Nc6 8.O-O Be7
9.d4 O-O 10.Re1 Bf6 11.Ne4 Bd7 12.Nxf6+ Qxf6 13.Bg5 Qg6 14.Bd3 Qh5 15.Bd2 Nf6
16.Rc1 Qd5 17.Bg5 Nxd4 18.Ne5 Bc6 19.Rxc6 bxc6 20.Bxf6 Nf5 21.Qg4 Kh8 22.Bxg7+ Nxg7
23.Qh4 Nf5 24.Qf6+ Kg8 25.Qg5+ Ng7 26.Qh6 Nf5 27.Bxf5 exf5 28.Qg5+ Kh8 29.Qf6+ Kg8
30.Qg5+ Kh8 31.Qf6+ Kg8 32.Nxc6 Rfe8 33.Ne7+ Rxe7 34.Qg5+ Kh8 35.Qxe7 Qxa2
36.Qf6+ Kg8 37.h4 Qc4 38.Re3 Rc8 39.Rg3+ Kf8 40.Qd6+  1-0

[Event "TCh-CHN"]
[Site "Shanghai CHN"]
[Date "2010.07.26"]
[Round "9"]
[White "Wang Hao"]
[Black "Wen Yang"]
[Result "0-1"]
[WhiteElo "2715"]
[BlackElo "2520"]

1.c4 c6 2.Nf3 Nf6 3.d4 d5 4.Nc3 dxc4 5.a4 e6 6.e3 c5 7.Bxc4 Nc6 8.O-O cxd4
9.exd4 Be7 10.Bg5 O-O 11.Re1 Bd7 12.Qe2 Nd5 13.Bxd5 Bxg5 14.Be4  0-1

[Event "97th ch-GBR"]
[Site "Canterbury ENG"]
[Date "2010.07.27"]
[Round "2"]
[White "Gordon,S"]
[Black "Josse,Mar"]
[Result "1-0"]
[WhiteElo "2534"]
[BlackElo "2128"]

1.c4 c6 2.Nf3 d5 3.e3 Nf6 4.Nc3 a6 5.d4 b5 6.c5 Bg4 7.Qb3 a5 8.Ne5 a4 9.Qc2 g6
10.Nxg4 Nxg4 11.Nxb5 cxb5 12.Bxb5+ Nd7 13.b4 axb3 14.Qxb3 Qc7 15.Qxd5 Rd8
16.Rb1 Bg7 17.h3 Nf6 18.Qc4 O-O 19.O-O e5 20.a4 e4 21.Ba3 Rfe8 22.Qa2 Bf8
23.Bc4 Nb8 24.Rb6 Kg7 25.Rfb1 Nfd7 26.Rb7 Qc6 27.Bxf7  1-0

[Event "21st Czech GM Open"]
[Site "Pardubice CZE"]
[Date "2010.07.27"]
[Round "5"]
[White "Chernyshov,K"]
[Black "Kasparov,S"]
[Result "1/2-1/2"]
[WhiteElo "2578"]
[BlackElo "2492"]

1.c4 c6 2.Nf3 Nf6 3.b3 d5 4.Bb2 Bg4 5.e3 e6 6.h3 Bxf3 7.Qxf3 Nbd7 8.cxd5 exd5
9.Qd1 Bd6 10.Be2 O-O 11.d3 Qe7 12.Nd2 Ba3 13.Bxa3 Qxa3 14.O-O Rfe8 15.Qc1 Qd6
16.Qb2 a5 17.a3 Qe5 18.Qxe5 Nxe5 19.d4 Ned7 20.Rfc1 Kf8 21.Bd3 Nb6 22.Rab1 Nc8
23.Kf1 Nd6 24.a4 Nfe4 25.Bxe4 Nxe4 26.Nxe4 Rxe4 27.Ke2 Re7 28.g4 Ke8 29.b4 axb4
30.Rxb4 Kd8 31.Rcb1 Kc8 32.Kd3 Ra7 33.h4 f6 34.f3 Ra5 35.R1b3 Kb8 36.Ke2 Ka7
37.Kf2 Ka6 38.Rb6+ Ka7 39.R6b4 Ka6 40.Kg3 b5 41.axb5+ cxb5 42.Kf4 Rb7 43.e4 dxe4
44.fxe4 Ra4 45.e5 fxe5+ 46.Kxe5 Re7+ 47.Kd5 Rxb4 48.Rxb4 Re1 49.Rb2 Kb6 50.Rf2 b4
51.Rf8 Rg1 52.g5 Rg4 53.Rb8+ Kc7 54.Rxb4 Rxh4 55.Rc4+ Kd7 56.Ra4 Ke7 57.Ra7+ Kf8
58.Rd7 Rg4 59.Ke6 Re4+ 60.Kf5 Re1 61.d5 Rf1+ 62.Ke6 Re1+ 63.Kd6 Rg1 64.Ke6 Re1+
65.Kf5 Rf1+ 66.Ke6  1/2-1/2

[Event "Brunei Inv IM"]
[Site "Bandar Seri Begawan BRU"]
[Date "2010.07.28"]
[Round "5"]
[White "Barbosa,O PHI"]
[Black "Hj,Azahari Siti Nur Fatimah"]
[Result "1-0"]
[WhiteElo "2433"]
[BlackElo "2065"]

1.c4 c6 2.e4 d5 3.exd5 cxd5 4.cxd5 Qxd5 5.Nc3 Qa5 6.d4 Nf6 7.Nf3 Bg4 8.h3 Bd7
9.Bc4 e6 10.O-O Be7 11.Re1 Bc6 12.Ne5 O-O 13.Qe2 Rd8 14.Nxf7  1-0

[Event "MTO"]
[Site "Biel SUI"]
[Date "2010.07.28"]
[Round "9"]
[White "Eichhorn,An"]
[Black "Paikidze,N"]
[Result "1-0"]
[WhiteElo "2294"]
[BlackElo "2346"]

1.c4 c6 2.g3 d5 3.Bg2 Nf6 4.Nf3 Bf5 5.O-O e6 6.d3 h6 7.Be3 Nbd7 8.Qb3 Qc7
9.Nc3 dxc4 10.Qxc4 Be7 11.b4 e5 12.Qb3 Be6 13.Qb2 a6 14.a4 Rc8 15.h3 g5 16.Nd2 g4
17.h4 Nd5 18.Nxd5 cxd5 19.Rfc1 Qd8 20.Rxc8 Qxc8 21.d4 f6 22.Rc1 Qb8 23.Qb3 Qd6
24.Qc2 Kf7 25.dxe5 Qxe5 26.Bf4 Qd4 27.e4 dxe4 28.Bxe4 Ne5 29.Bxe5 Qxe5 30.Bxb7 f5
31.Nc4 Qd4 32.Ne3 Bxb4 33.Bd5 Qe5 34.Bxe6+ Qxe6 35.Qb2 Rb8 36.Rc7+  1-0

[Event "97th ch-GBR"]
[Site "Canterbury ENG"]
[Date "2010.07.28"]
[Round "3"]
[White "Slavin,A"]
[Black "Shaw,P"]
[Result "1-0"]
[WhiteElo "2417"]
[BlackElo "2173"]

1.c4 c6 2.Nf3 d5 3.b3 Nf6 4.g3 Bg4 5.Bg2 Nbd7 6.Bb2 e6 7.O-O Be7 8.d3 O-O
9.Nbd2 Qc7 10.Rc1 Rad8 11.cxd5 exd5 12.Qc2 h6 13.Nd4 Rfe8 14.N2f3 Bh5 15.Nf5 Bf8
16.Bd4 Bg6 17.N3h4 Bh7 18.Qb2 Be7 19.b4 Ra8 20.e4 dxe4 21.dxe4 Bd8 22.Rfe1 Nf8
23.Rcd1 Ne6 24.Nxh6+ gxh6 25.Bxf6 Bxf6 26.Qxf6 Qe7 27.Qc3 Rad8 28.Nf5 Bxf5
29.exf5 Rxd1 30.Rxd1 Nf8 31.Qd4 Qe5 32.Qxa7 Qxf5 33.Qxb7 Re2 34.Rf1 Ne6 35.Qxc6 Rxa2
36.Qc8+ Kg7 37.Qc3+ Kg8 38.Qb3 Rd2 39.b5 Nd4 40.Qe3 Qd3 41.Qxd3 Rxd3 42.b6 Rb3
43.b7 Ne6 44.Ra1 Kg7 45.Bd5 Rb6 46.Ra8  1-0

[Event "21st Czech GM Open"]
[Site "Pardubice CZE"]
[Date "2010.07.28"]
[Round "6"]
[White "Semcesen,D"]
[Black "Shumilov,I"]
[Result "0-1"]
[WhiteElo "2420"]
[BlackElo "2284"]

1.c4 c6 2.Nf3 d5 3.d4 e6 4.Qc2 f5 5.Bf4 Nf6 6.e3 Bd6 7.Nc3 O-O 8.Bd3 Ne4
9.a3 Qe7 10.h3 Nd7 11.Bxd6 Nxd6 12.b3 b6 13.O-O a5 14.Ne5 Nxe5 15.dxe5 Ne4
16.Na4 Qc7 17.Rfc1 c5 18.f4 Bd7 19.Nc3 Nxc3 20.Qxc3 Bc6 21.b4 axb4 22.axb4 Qd7
23.bxc5 bxc5 24.Ra5 d4 25.exd4 Rxa5 26.d5 Rfa8 27.dxc6 Qxc6 28.Be2 Ra3 29.Qd2 Qc7
30.Kh2 Ra2 31.Qe1 Qc6  0-1

[Event "21st Czech GM Open"]
[Site "Pardubice CZE"]
[Date "2010.07.28"]
[Round "6"]
[White "Seifert,C"]
[Black "Reinhart,E"]
[Result "0-1"]
[WhiteElo "2176"]
[BlackElo "2336"]

1.c4 c6 2.Nc3 d5 3.e3 Nf6 4.Nf3 e6 5.b3 Nbd7 6.Qc2 a6 7.Bb2 Be7 8.g4 h6 9.Rg1 Nf8
10.Ne2 g5 11.Ng3 Rg8 12.Ne5 N8d7 13.Be2 Nxe5 14.Bxe5 Bd6 15.d4 dxc4 16.Bxf6 Qxf6
17.Ne4 Qe7 18.Nxd6+ Qxd6 19.Qh7 Rg6 20.Rg3 Rf6 21.bxc4 Ke7 22.Rh3 e5 23.dxe5 Qxe5
24.Rd1 Be6 25.Qd3 b5 26.Qa3+ c5 27.cxb5 a5 28.Rc1 Rc8 29.b6 Qd5 30.b7 Qxb7
31.Rxc5 Qb4+ 32.Qxb4 axb4 33.Rxc8 Bxc8 34.Bc4 Bxg4 35.Rg3 Bh5 36.e4 Bf3 37.Bd5 Rf4
38.Kd2 f5 39.Rh3 Bxe4 40.Bxe4 fxe4 41.Ke3 Rf6 42.Kxe4 Ra6 43.Kd4 Rxa2 44.f3 Ra6
45.Kc4 Rb6 46.Kb3 Kf7 47.Rg3 Kf6 48.h4 gxh4 49.Rg4 h5 50.Rxh4 Kg5 51.Rh1 h4
52.Rg1+ Kf5 53.Rh1 Rh6 54.Rh3 Kf4 55.Kxb4 Ke3 56.Kc5 Kf2 57.f4 Kg2 58.Ra3 Rf6
59.Ra4 Kg3 60.Kd5 Rf5+ 61.Ke6 Rxf4 62.Ra3+ Kg2 63.Ke5 Rf8 64.Ra2+ Rf2 65.Ra8 h3
66.Ke4 h2 67.Rg8+ Kf1 68.Rh8 Kg1 69.Ke3 Rg2  0-1

[Event "21st Czech GM Open"]
[Site "Pardubice CZE"]
[Date "2010.07.29"]
[Round "7"]
[White "Allahverdiev,A"]
[Black "Shomoev,A"]
[Result "1/2-1/2"]
[WhiteElo "2410"]
[BlackElo "2561"]

1.c4 c6 2.Nf3 d5 3.g3 Nf6 4.Bg2 dxc4 5.a4 a5 6.Na3 Be6 7.Ng5 Bd5 8.e4 h6
9.exd5 hxg5 10.dxc6 Nxc6 11.Nxc4 e6 12.d3 Bb4+ 13.Kf1 Nd5 14.Qe2 Rc8 15.Be3 Kf8
16.Rd1 Be7 17.Be4 Rc7 18.Kg2 f5 19.Bxd5 Qxd5+ 20.Qf3 Rd7 21.Qxd5 Rxd5 22.Nb6 Rd8
23.d4 Kf7 24.d5 Nb4 25.dxe6+ Kxe6 26.Nc4 Nc6 27.Rc1 Rd5 28.Rhe1  1/2-1/2

[Event "21st Czech GM Open"]
[Site "Pardubice CZE"]
[Date "2010.07.29"]
[Round "7"]
[White "Stocek,J"]
[Black "Kasparov,S"]
[Result "1-0"]
[WhiteElo "2587"]
[BlackElo "2492"]

1.c4 c6 2.d4 d5 3.Nf3 Nf6 4.Nc3 a6 5.Qc2 g6 6.Bg5 dxc4 7.a4 Bg7 8.e3 Bf5
9.Qd2 Bd3 10.Bxd3 cxd3 11.Qxd3 a5 12.O-O Na6 13.e4 O-O 14.Rad1 Qc7 15.h3 e6
16.Qe3 Rfe8 17.Rd2 Nb4 18.Bh6 Qe7 19.Rfd1 Nd7 20.Bxg7 Kxg7 21.Ne5 Nb6 22.b3 f6
23.Nc4 Nxc4 24.bxc4 Rad8 25.e5 f5 26.f4 Qf7 27.d5 exd5 28.cxd5 Nxd5 29.Nxd5 cxd5
30.Qb6 Rd7 31.Qxa5 Red8 32.Rd4 Qe6 33.Qc3 h6 34.h4 Kf7 35.Qf3 Kg7 36.R1d3 Qc6
37.Qd1 h5 38.Kh2 Kf7 39.Rb3 Rc8 40.Rb5 Qc2 41.Qe1 Rc6 42.Rbxd5 Rxd5 43.Rxd5 Qxa4
44.Rd7+ Ke8 45.Qd2 Re6 46.Rxb7  1-0

[Event "Tch-POR 1st Div Final"]
[Site "Vila Nova de Gaia POR"]
[Date "2010.07.29"]
[Round "6.4"]
[White "Rosario,J"]
[Black "Cordovil,J"]
[Result "1-0"]
[WhiteElo "1970"]
[BlackElo "2224"]

1.c4 c6 2.e4 e5 3.Nf3 d6 4.d4 Qe7 5.Nc3 Bg4 6.Be2 Nd7 7.O-O Ngf6 8.d5 c5
9.a3 a6 10.b4 Qd8 11.Qa4 b6 12.bxc5 bxc5 13.Rb1 Be7 14.Bd2 O-O 15.h3 Bh5
16.Qc6 Rc8 17.Qa4 h6 18.Rb7 Nb8 19.Rfb1 Bg6 20.Bd3 Nh5 21.Qc2 Bg5 22.Nxg5 hxg5
23.g3 f6 24.Nd1 Rf7 25.R7b6 Qf8 26.Ne3 Ra7 27.Be2 Nd7 28.Rb7 Rc7 29.Rxc7 Rxc7
30.Ba5 Ra7 31.Bg4 Be8 32.Rb2 g6 33.Be6+ Kh8 34.Qb1 Qe7 35.Rb7 Rxb7 36.Qxb7 Ng7
37.Bg4 Qf7 38.Kg2 f5 39.Bf3 Nf6 40.Qxa6 Nxe4 41.Bxe4 fxe4 42.Qxd6 Bd7 43.Qxe5 Qf3+
44.Kg1 Bxh3 45.Bc3 Qf7 46.Qxg5 Bd7 47.Qe5 Kh7 48.Qxe4 Nf5 49.Ng4  1-0

[Event "Open ch-BUL w"]
[Site "Vratsa BUL"]
[Date "2010.07.29"]
[Round "6"]
[White "Chilingirova,P"]
[Black "Atanasova,Elitsa"]
[Result "0-1"]
[WhiteElo "2165"]
[BlackElo "1755"]

1.c4 c6 2.Nf3 d5 3.e3 Nf6 4.b3 Bg4 5.Bb2 e6 6.Be2 Bd6 7.O-O O-O 8.d3 Nbd7
9.Nc3 Qe7 10.cxd5 exd5 11.a3 Rfe8 12.Re1 Nf8 13.g3 Rad8 14.Nd4 Bxe2 15.Qxe2 Be5
16.Nf5 Qd7 17.g4 d4 18.Ne4 Nxe4 19.dxe4 dxe3 20.f4 Bxb2 21.Qxb2 Ne6 22.Rxe3 Qd2
23.Qxd2 Rxd2 24.Rf1 Red8 25.b4 Ra2 26.Rg3 Rdd2 27.h4 g6 28.Nh6+ Kg7 29.g5 Nd4
30.Rg4 Rxa3 31.f5 Nf3+ 32.Rxf3 Rxf3 33.f6+ Kf8 34.e5 Ra3  0-1

[Event "21st Czech GM Open"]
[Site "Pardubice CZE"]
[Date "2010.07.30"]
[Round "8"]
[White "Rakhmanov,Ale"]
[Black "Richter,Mic"]
[Result "1/2-1/2"]
[WhiteElo "2590"]
[BlackElo "2428"]

1.c4 c6 2.d4 d5 3.cxd5 cxd5 4.Nf3 Nf6 5.Nc3 Nc6 6.Bf4 Nh5 7.Be5 f6 8.Bg3 e5
9.e3 Nxg3 10.hxg3 e4 11.Nd2 Be6 12.Be2 Bf7 13.Rc1 Bd6 14.Qb3 O-O 15.a3 a6
16.Na4 b5 17.Rxc6 bxa4 18.Qxa4 Be8 19.Qc2 a5 20.Nxe4 Bg6 21.Rxd6 Qxd6 22.Nxd6 Bxc2
23.Kd2 Rfd8 24.Rc1 Rxd6 25.Rxc2 Rb8 26.a4 Rdd8 27.Ba6 Kf8 28.Kc1 Ra8 29.Bd3 g6
30.g4 Rac8 31.Rc3 Ke7 32.Kd2 Rxc3 33.bxc3 Rb8 34.Kc2 h5 35.gxh5 gxh5 36.e4 Rg8
37.g3 dxe4 38.Bxe4 f5 39.Bf3 f4 40.Bxh5 fxg3 41.fxg3 Rxg3 42.Kd2 Kd6 43.c4 Ra3
44.Be8 Rg3 45.Bf7 Ra3 46.Be8 Rg3 47.Kc2 Rh3 48.Bb5 Rh2+ 49.Kd3 Rh3+ 50.Ke4 Rh4+
51.Ke3 Rh3+ 52.Ke2 Rh4 53.Ke3  1/2-1/2

[Event "21st Czech GM Open"]
[Site "Pardubice CZE"]
[Date "2010.07.31"]
[Round "9"]
[White "Sriram,J"]
[Black "Bures,J"]
[Result "1/2-1/2"]
[WhiteElo "2490"]
[BlackElo "2332"]

1.c4 c6 2.Nf3 d5 3.e3 Nf6 4.Nc3 e6 5.Qc2 Nbd7 6.b3 Bd6 7.Bb2 O-O 8.Be2 Qe7
9.O-O Re8 10.Rac1 dxc4 11.Bxc4 c5 12.Ne4 Nxe4 13.Qxe4 Nf6 14.Qc2 b6 15.Ng5 Bb7
16.Bxf6 Qxf6 17.Qxh7+ Kf8 18.Ne4 Bxe4 19.Qxe4 Qe5 20.Qh4 g5 21.Qh7 Qf5 22.Qxf5 exf5
23.f4 gxf4 24.exf4 Rad8 25.g3 Kg7 26.Rfe1 Kf6 27.Re3 Bf8 28.Rce1 Re7 29.R1e2 Red7
30.d3 Bd6 31.Re8 Rxe8 32.Rxe8 Be7 33.Ra8 Kg7 34.Bb5 Rc7 35.Kf1 Bf6 36.a4 Re7
37.Rc8 Bc3 38.Re8 Rxe8 39.Bxe8 a5 40.Bd7 Kg6 41.Ke2 Bd4 42.Kf3 Bc3 43.h4 Bd4
44.h5+ Kxh5 45.Bxf5 Kh6 46.g4 Bb2 47.Ke4 Bc1 48.Ke5 Kg7 49.Be4 Bd2 50.f5 f6+
51.Kd6 Kh6 52.Kc6 Bb4 53.Bf3 Kg5 54.Bd1 Kh6 55.Kxb6 Kg5 56.Kc6 Kh6 57.Kd5 Kg5
58.Ke6 Bc3 59.Be2 Bb4  1/2-1/2

[Event "Open"]
[Site "Szombathely HUN"]
[Date "2010.07.31"]
[Round "5"]
[White "Zambo,Z"]
[Black "Oswald,He"]
[Result "1-0"]
[WhiteElo "2400"]
[BlackElo "1981"]

1.c4 c6 2.Nf3 Nf6 3.d4 d5 4.e3 e6 5.Nbd2 Bd6 6.Bd3 O-O 7.O-O Nbd7 8.e4 dxe4
9.Nxe4 Nxe4 10.Bxe4 h6 11.Re1 Qc7 12.Bc2 Re8 13.Qd3 Nf8 14.c5 Be7 15.Ne5 Bf6
16.Qg3 Bxe5 17.dxe5 Ng6 18.Bxh6 gxh6 19.Bxg6 fxg6 20.Qxg6+ Kf8 21.Re3 Re7
22.Rd1 Rf7 23.Qxh6+ Ke8 24.Qh8+ Rf8 25.Qh6 Rf7 26.Qh5 b6 27.Red3  1-0

[Event "Politiken Cup"]
[Site "Copenhagen DEN"]
[Date "2010.08.01"]
[Round "2"]
[White "Jepson,C"]
[Black "Pedersen,JanK"]
[Result "1-0"]
[WhiteElo "2394"]
[BlackElo "2061"]

1.c4 c6 2.e4 d5 3.exd5 cxd5 4.d4 Nf6 5.Nc3 e6 6.Nf3 Nc6 7.Bd3 a6 8.c5 Be7
9.O-O O-O 10.Bf4 b6 11.cxb6 Qxb6 12.Na4 Qd8 13.Rc1 Bd6 14.Bg5 Ne7 15.Ne5 Bxe5
16.dxe5 Nd7 17.Re1 h6 18.Bh4 g5 19.Bg3 Ng6 20.Bxg6 fxg6 21.Rc6 Qe8 22.Rc7 Rf7
23.Qc2 Nf8 24.Nb6 Rxc7 25.Qxc7 Bd7 26.Nxa8 Qxa8 27.f3 Qc6 28.Qxc6 Bxc6 29.Rc1 Bb5
30.Bf2 Nd7 31.Bd4 Kf7 32.b3 Nb8 33.Rc7+  1-0

[Event "Politiken Cup"]
[Site "Copenhagen DEN"]
[Date "2010.08.01"]
[Round "3"]
[White "Rolvag,M"]
[Black "Aagaard,J"]
[Result "1/2-1/2"]
[WhiteElo "2187"]
[BlackElo "2542"]

1.c4 c6 2.d4 d5 3.Nf3 Nf6 4.e3 Bf5 5.cxd5 cxd5 6.Qb3 Qc7 7.Bd2 Nc6 8.Bb5 e6
9.O-O Bd6 10.Bb4 O-O 11.Bxd6 Qxd6 12.Rc1 Rfc8 13.Nbd2 Rab8 14.Qa4 a6 15.Bxc6 Rxc6
16.Rxc6 Qxc6 17.Qxc6 bxc6 18.b3 Nd7 19.Rc1 Rc8 20.b4 Bd3 21.Nb3 Bc4 22.Nfd2 Nb6
23.Rc3 g5 24.f3 Kf8 25.a3 Ke7 26.Na5 Bb5 27.Ndb3 h5 28.Nc5 h4 29.Kf2 Kd6
30.Rc1 Ke7 31.Ra1 Na4  1/2-1/2

[Event "IM"]
[Site "Szombathely HUN"]
[Date "2010.08.02"]
[Round "7"]
[White "Farkas,Ti"]
[Black "Ruck,T"]
[Result "1/2-1/2"]
[WhiteElo "2246"]
[BlackElo "2279"]

1.c4 c6 2.e4 d5 3.exd5 cxd5 4.d4 Nf6 5.Nc3 Nc6 6.Nf3 Bg4 7.cxd5 Nxd5 8.Qb3 Bxf3
9.gxf3 e6 10.Qxb7 Nxd4 11.Bb5+ Nxb5 12.Qc6+ Ke7 13.Qxb5 Qd7 14.Nxd5+ Qxd5
15.Bg5+ f6 16.Qxd5 exd5 17.Be3 Ke6 18.Rg1 g6 19.O-O-O Bb4 20.Rd3 Rac8+ 21.Kb1 Bc5
22.Re1 Bxe3 23.Rdxe3+ Kf5 24.Rd3 Rc5 25.Red1 Ke6 26.Re1+ Kf7 27.Red1 Ke6
28.Re1+ Kf7  1/2-1/2

[Event "28th WJun Girls"]
[Site "Chotowa POL"]
[Date "2010.08.03"]
[Round "1"]
[White "Ursente,M"]
[Black "Nakhbayeva,G"]
[Result "0-1"]
[WhiteElo "1978"]
[BlackElo "2216"]

1.c4 c6 2.Nf3 d5 3.b3 Nf6 4.Bb2 Bf5 5.d3 e6 6.g3 Be7 7.Bg2 c5 8.cxd5 exd5
9.O-O Nc6 10.a3 d4 11.Re1 O-O 12.Nbd2 Rc8 13.Qc2 b5 14.Nf1 Qd7 15.Qd2 Rfd8
16.Rad1 Be6 17.Qc2 b4 18.a4 Nd5 19.N1d2 Nc3 20.Rc1 Bf6 21.Rcd1 Be7 22.Rc1 Bf6
23.Bf1 Na5 24.e4 dxe3 25.fxe3 h5 26.Bxc3 Bxc3 27.Red1 g6 28.Qb1 Bg4 29.Be2 Bxd2
30.Rxd2 Qe6 31.Rb2 Qxe3+ 32.Kg2 Bxf3+ 33.Bxf3 Rxd3 34.Rf1 Rxb3 35.Bd5 Rxb2+
36.Qxb2 Rc7 37.Rf2 Qg5 38.Be4 Re7 39.Qb1 Nc4 40.Qd3 Ne3+ 41.Kg1 c4 42.Qd8+  0-1

[Event "Politiken Cup"]
[Site "Copenhagen DEN"]
[Date "2010.08.03"]
[Round "5"]
[White "Sorensen,To1"]
[Black "Hansen,Mads3"]
[Result "1/2-1/2"]
[WhiteElo "2419"]
[BlackElo "2165"]

1.c4 c6 2.Nf3 Nf6 3.Nc3 d5 4.cxd5 cxd5 5.d4 Nc6 6.Bf4 Bf5 7.e3 e6 8.Qb3 Bb4
9.Bb5 Bxc3+ 10.Qxc3 O-O 11.Bxc6 Ne4 12.Qa3 bxc6 13.O-O g5 14.Bg3 f6 15.Rac1 Qd7
16.Rfd1 Bg4 17.Rd3 h5 18.h3 Nxg3 19.fxg3 Bxf3 20.gxf3 e5 21.Kg2 Rf7 22.Rdc3 g4
23.Rxc6 gxf3+ 24.Kh2 h4 25.g4 Rb8 26.R1c2 Rb6 27.Rc8+ Kg7 28.Qc3 e4 29.Qc5 Rb5
30.Qc6 Qxc6  1/2-1/2

[Event "97th ch-GBR"]
[Site "Canterbury ENG"]
[Date "2010.08.04"]
[Round "9"]
[White "Dorrington,C"]
[Black "Haydon,D"]
[Result "1/2-1/2"]
[WhiteElo "2255"]
[BlackElo "2187"]

1.c4 c6 2.e4 d5 3.exd5 cxd5 4.d4 Nc6 5.Nc3 Nf6 6.Nf3 e6 7.cxd5 Nxd5 8.Bd3 Be7
9.O-O O-O 10.Qe2 Nf6 11.Rd1 b6 12.Bg5 Bb7 13.a3 Rc8 14.Rac1 Na5 15.Bb1 Nd5
16.Qe4 g6 17.Qh4 f6 18.Bh6 Nxc3 19.Rxc3 Rxc3 20.bxc3 Rf7 21.Qg4 f5 22.Qg3 Bd6
23.Bf4 Bxf4 24.Qxf4 Bd5 25.Ng5 Qc7 26.Qc1 Re7 27.Nh3 e5 28.dxe5 Qxe5 29.f4 Qd6
30.Qd2 Qc5+ 31.Qd4 Bb3 32.Qxc5 bxc5 33.Rd8+ Kg7 34.Bd3 Bc4 35.Bxc4 Nxc4 36.Rc8 Nxa3
37.Rxc5 Nb1 38.Ng5 a5 39.Rxa5 Nxc3 40.g3 Ne4 41.Nxe4  1/2-1/2

[Event "111th US Open"]
[Site "Irvine USA"]
[Date "2010.08.05"]
[Round "?"]
[White "Beelby,M"]
[Black "Mulyar,M"]
[Result "1/2-1/2"]
[WhiteElo "2291"]
[BlackElo "2405"]

1.c4 c6 2.g3 d5 3.Bg2 Nf6 4.Nf3 Bf5 5.O-O e6 6.d3 Be7 7.Qb3 Qb6 8.Be3 Qxb3
9.axb3 a6 10.h3 h6 11.Rc1 O-O 12.Na3 Nbd7 13.Bd2 Rfc8 14.b4 Bh7 15.Nd4 e5
16.Nb3 e4 17.cxd5 cxd5 18.d4 Bf5 19.g4 Be6 20.Nc5 Nxc5 21.bxc5  1/2-1/2